000 00671nam a2200205Ia 4500
003 OSt
005 20260212093943.0
008 210210b2010 xxu||||| |||| 00| 0 eng d
040 _cAL
041 _aKannada
082 _aK894.8 BAKS
100 _aBAKRA
_9198576
_dಬಕ್ರ
245 _aShekharane: Prof. Shekhara Idyara nenapina krati
_bಶೇಖರಣೆ: ಪ್ರೊI ಶೇಖರ ಇಡ್ಯಾರ ನೆನಪಿನ ಕೃತಿ
260 _aSuratkal
_b-
_c2010
300 _a122
690 _aKannada Miscellaneous
_9198583
700 _aKRASHNAMURTI (Pi) Ed
_9198584
_dಕೃಷ್ಣಮೂರ್ತಿ (ಪಿ )
906 _a065202
942 _2ddc
_cBK
999 _c142647
_d142647